[Event "1st Int. Chess Open of Marrakech"]
[Site "Marrakech"]
[Date "2010.06.28"]
[Round "4"]
[White "Romanov, Evgeny"]
[Black "Ulibin, Mikhail"]
[Result "1-0"]
[WhiteElo "2594"]
[BlackElo "2532"]
[EventDate "2010.06.28"]
[PlyCount "85"]
[SourceDate "2010.06.26"]

1.d4 e6 2.c4 f5 3.g3 Nf6 4.Bg2 c6 5.Nf3 d5 6.O-O Bd6 7.b3 Qe7 8.Ne5 O-O 9.
Nd2 b6 10.cxd5 exd5 11.Ndf3 Ne4 12.Bb2 Bb7 13.Rc1 a5 14.Nd3 Na6 15.Nfe5 c5
16.Re1 Nb4 17.a3 Na6 18.a4 Rac8 19.e3 Nb4 20.Bf1 Nxd3 21.Qxd3 Ng5 22.h4 
Ne6 23.Bh3 Bxe5 24.dxe5 g6 25.Bg2 Rfd8 26.Red1 Bc6 27.Rd2 Qb7 28.Qf1 Rd7 
29.Bf3 Rcd8 30.Qg2 b5 31.axb5 Qxb5 32.Ba3 Bb7 33.Rc3 d4 34.exd4 Bxf3 35.
Rxf3 Nxd4 36.Re3 Nf3+ 37.Qxf3 Rxd2 38.e6 Re8 39.g4 c4 40.bxc4 Qxc4 41.gxf5
gxf5 42.Qxf5 Qd5 43.Qg4+ 1-0

[Event "1st Int. Chess Open of Marrakech"]
[Site "Marrakech"]
[Date "2010.06.28"]
[Round "4"]
[White "Godard, Maxence"]
[Black "Hamdouchi, Hicham"]
[Result "1-0"]
[WhiteElo "2344"]
[BlackElo "2609"]
[EventDate "2010.06.28"]
[PlyCount "71"]
[SourceDate "2010.06.26"]

1.d4 Nf6 2.c4 g6 3.Nc3 Bg7 4.e4 d6 5.Bd3 O-O 6.Nge2 Nc6 7.O-O e5 8.d5 Nd4 
9.Nxd4 exd4 10.Nb5 Re8 11.Re1 Ng4 12.h3 a6 13.hxg4 axb5 14.cxb5 Qh4 15.g3 
Qxg4 16.Qxg4 Bxg4 17.Kg2 Bd7 18.a4 f5 19.f3 fxe4 20.fxe4 Bf6 21.Bd2 g5 22.
Rec1 Rec8 23.Rh1 Re8 24.a5 Bg4 25.Rac1 Re7 26.Rcf1 Rf7 27.Rh6 Raf8 28.a6 
bxa6 29.bxa6 Bg7 30.Rxf7 Rxf7 31.Re6 Rf8 32.Re7 Bf3+ 33.Kg1 Be5 34.a7 Bxg3
35.Bxg5 h5 36.Bf1 1-0

[Event "1st Int. Chess Open of Marrakech"]
[Site "Marrakech"]
[Date "2010.06.28"]
[Round "4"]
[White "Sebbar, A."]
[Black "Luther, Thomas"]
[Result "1-0"]
[WhiteElo "2290"]
[BlackElo "2541"]
[EventDate "2010.06.28"]
[PlyCount "61"]
[SourceDate "2010.06.26"]

1.e4 c5 2.Nc3 d6 3.f4 Nc6 4.Bc4 a6 5.Nf3 e6 6.d3 b5 7.Bb3 Na5 8.O-O Nxb3 
9.axb3 Bb7 10.Qe1 Ne7 11.f5 e5 12.Bg5 f6 13.Be3 Qc7 14.Qh4 O-O-O 15.Qf2 g6
16.fxg6 hxg6 17.b4 Bh6 18.Bxh6 Rxh6 19.bxc5 dxc5 20.Nd2 f5 21.Nb3 c4 22.
Nc5 Rd6 23.Nxb5 axb5 24.Nxb7 Rd4 25.c3 Kxb7 26.cxd4 exd4 27.h3 Qc5 28.b4 
Qd6 29.Qa2 Nc6 30.dxc4 bxc4 31.b5 1-0

[Event "1st Int. Chess Open of Marrakech"]
[Site "Marrakech"]
[Date "2010.06.28"]
[Round "4"]
[White "Malakhatko, Vadim"]
[Black "Zozulia, Anna"]
[Result "1-0"]
[WhiteElo "2569"]
[BlackElo "2323"]
[EventDate "2010.06.28"]
[PlyCount "85"]
[SourceDate "2010.06.26"]

1.d4 g6 2.c4 Bg7 3.Nc3 d6 4.e4 e5 5.Nge2 Ne7 6.h4 h5 7.Bg5 exd4 8.Nd5 Nbc6
9.Nf6+ Bxf6 10.Bxf6 O-O 11.Qd2 Kh7 12.f3 Qe8 13.O-O-O Ng8 14.Bg5 Qe5 15.
Nxd4 Nxd4 16.Qxd4 Qxd4 17.Rxd4 Be6 18.Kc2 a6 19.a3 Kg7 20.Be2 f6 21.Bc1 
Ne7 22.b3 Rab8 23.Bb2 b5 24.cxb5 axb5 25.Bc3 Kf7 26.Rdd1 f5 27.Rhf1 Ke8 
28.Kb2 Kd7 29.Bd2 c6 30.Bb4 Nc8 31.Bd3 Rf7 32.Bc2 Kc7 33.Rfe1 fxe4 34.Bxe4
Bf5 35.Bxf5 gxf5 36.Re6 c5 37.Bc3 Kc6 38.Rh6 Rbb7 39.Rxh5 Nb6 40.Rg5 Nd5 
41.h5 Rbe7 42.h6 Re6 43.Bg7 1-0

[Event "1st Int. Chess Open of Marrakech"]
[Site "Marrakech"]
[Date "2010.06.28"]
[Round "4"]
[White "Colin, Vincent"]
[Black "Flear, Christine"]
[Result "1-0"]
[WhiteElo "2445"]
[BlackElo "2170"]
[EventDate "2010.06.28"]
[PlyCount "67"]
[SourceDate "2010.06.26"]

1.e4 c5 2.Nf3 e6 3.d4 cxd4 4.Nxd4 a6 5.c4 b6 6.Nc3 Bb7 7.Be2 Ne7 8.O-O 
Nbc6 9.Be3 Ng6 10.Nb3 Rb8 11.f4 Be7 12.Qd2 O-O 13.Rfd1 d6 14.Rac1 Re8 15.
Bg4 Nf8 16.Qf2 Nd7 17.Kh1 Ba8 18.e5 dxe5 19.f5 Bh4 20.Qf1 Qe7 21.fxe6 fxe6
22.Bf3 Rf8 23.Qe2 Nc5 24.Ne4 Nxe4 25.Bxe4 Bg5 26.Qh5 Bxe3 27.Qxh7+ Kf7 28.
Bg6+ Kf6 29.Rf1+ Bf4 30.Bh5 Qb4 31.Qg6+ Ke7 32.Qxg7+ Kd6 33.Rcd1+ Bd2 34.
Rxd2+ 1-0

[Event "1st Int. Chess Open of Marrakech"]
[Site "Marrakech"]
[Date "2010.06.28"]
[Round "4"]
[White "Kiss, P."]
[Black "Choukri, Adel"]
[Result "0-1"]
[WhiteElo "2388"]
[BlackElo "2105"]
[EventDate "2010.06.28"]
[PlyCount "65"]
[SourceDate "2010.06.26"]

1.d4 d5 2.c4 e5 3.dxe5 d4 4.Nf3 Nc6 5.g3 Nge7 6.Bg2 Ng6 7.Bg5 Qd7 8.O-O 
Ngxe5 9.Nbd2 Bd6 10.Nxe5 Bxe5 11.Nf3 O-O 12.Nxe5 Nxe5 13.c5 a6 14.Bf4 Ng6 
15.Qd2 Rd8 16.Rac1 Qe7 17.Rfe1 Nxf4 18.Qxf4 c6 19.e3 g5 20.Qe4 Qxe4 21.
Bxe4 Be6 22.b3 dxe3 23.Rxe3 Rd2 24.Rc2 Rad8 25.Re2 Rd1+ 26.Kg2 Kg7 27.h3 
R1d4 28.f3 a5 29.g4 Kf6 30.Kf2 Rd1 31.Kg2 R8d4 32.Rb2 Ra1 33.Rbd2 0-1

[Event "1st Int. Chess Open of Marrakech"]
[Site "Marrakech"]
[Date "2010.06.28"]
[Round "?"]
[White "Idrissi, Chafik"]
[Black "Gleizerov, Evgeny"]
[Result "0-1"]
[WhiteElo "2204"]
[BlackElo "2578"]
[EventDate "2010.06.28"]
[PlyCount "48"]
[SourceDate "2010.06.26"]

1.d4 e6 2.c4 f5 3.Nf3 Nf6 4.e3 d6 5.Nc3 Nc6 6.b3 g6 7.Bb2 Bg7 8.Be2 O-O 9.
O-O Qe7 10.d5 Nd8 11.dxe6 c6 12.Nd4 Nxe6 13.Nxe6 Bxe6 14.Bf3 Rad8 15.Qc2 
Nd7 16.Rfe1 g5 17.Rad1 Ne5 18.Be2 f4 19.f3 Rf6 20.Ne4 Rh6 21.g3 d5 22.cxd5
cxd5 23.Qc5 Qe8 24.Bxe5 Bxe5 0-1

[Event "1st Int. Chess Open of Marrakech"]
[Site "Marrakech"]
[Date "2010.06.28"]
[Round "4"]
[White "Njili, Kamel"]
[Black "Ryan, M."]
[Result "1-0"]
[WhiteElo "2247"]
[BlackElo "1499"]
[EventDate "2010.06.28"]
[PlyCount "55"]
[SourceDate "2010.06.26"]

1.Nf3 Nf6 2.d3 g6 3.e4 d6 4.g3 Bg7 5.Bg2 O-O 6.O-O c5 7.h3 Nc6 8.c3 Rb8 9.
Nh4 e5 10.Be3 Be6 11.Qc1 b5 12.Bg5 Qc8 13.Kh2 b4 14.c4 Nd4 15.Nd2 h6 16.
Be3 Kh7 17.f4 Nh5 18.f5 Bd7 19.Qd1 Qd8 20.Qg4 Qe8 21.Bxd4 exd4 22.e5 Bxe5 
23.fxg6+ fxg6 24.Rxf8 Bxg4 25.Rxe8 Bxg3+ 26.Kg1 Rxe8 27.hxg4 Nf6 28.Ndf3 
1-0

[Event "1st Int. Chess Open of Marrakech"]
[Site "Marrakech"]
[Date "2010.06.28"]
[Round "4"]
[White "Al Haik, M."]
[Black "Nafri, Khalil"]
[Result "0-1"]
[WhiteElo "1499"]
[BlackElo "2091"]
[EventDate "2010.06.28"]
[PlyCount "58"]
[SourceDate "2010.06.26"]

1.Nf3 Nf6 2.g3 g6 3.Bg2 Bg7 4.d4 O-O 5.O-O d5 6.c4 c6 7.cxd5 cxd5 8.Nc3 
Nc6 9.h3 Ne4 10.Ne5 Nxc3 11.bxc3 Nxe5 12.dxe5 Bxe5 13.Qxd5 Qxd5 14.Bxd5 
Bxh3 15.Rd1 Rac8 16.Ba3 Bxc3 17.Rac1 b5 18.Bxe7 Rfe8 19.Rxc3 Rxc3 20.Bf6 
Rc2 21.Bf3 Be6 22.a3 a5 23.e3 b4 24.axb4 axb4 25.Rb1 b3 26.Bd1 Rc6 27.Bd4 
Rec8 28.Bb2 Ra6 29.Bd4 Rac6 0-1

[Event "1st Int. Chess Open of Marrakech"]
[Site "Marrakech"]
[Date "2010.06.28"]
[Round "4"]
[White "Bamafi, H."]
[Black "Benaino, Samir"]
[Result "0-1"]
[WhiteElo "1699"]
[BlackElo "2136"]
[EventDate "2010.06.28"]
[PlyCount "70"]
[SourceDate "2010.06.26"]

1.d4 g6 2.e4 d6 3.Nf3 Bg7 4.Nc3 Nf6 5.Be3 O-O 6.h3 c6 7.Qd2 b5 8.a3 a5 9.
Bd3 Ba6 10.O-O Nbd7 11.Rfe1 Qc7 12.Rac1 b4 13.axb4 axb4 14.Na2 Bxd3 15.
Nxb4 Bxe4 16.Ng5 c5 17.Nd3 Bb7 18.dxc5 dxc5 19.Bf4 Qc6 20.Nf3 Ne4 21.Qe3 
f6 22.Bh6 e5 23.Bxg7 Kxg7 24.Rcd1 Ng5 25.Rd2 Nxf3+ 26.gxf3 Qxf3 27.Qxf3 
Bxf3 28.Re3 e4 29.Nf4 Ra1+ 30.Kh2 Rf1 31.Rb3 Rh1+ 32.Kg3 g5 33.Ne6+ Kh6 
34.Rb7 Rg1+ 35.Kh2 Rg2+ 0-1

[Event "1st Int. Chess Open of Marrakech"]
[Site "Marrakech"]
[Date "2010.06.28"]
[Round "4"]
[White "El Amari, Khaled"]
[Black "Colas, Yves"]
[Result "1/2-1/2"]
[WhiteElo "2164"]
[BlackElo "1748"]
[EventDate "2010.06.28"]
[PlyCount "78"]
[SourceDate "2010.06.26"]

1.b3 Nf6 2.Bb2 g6 3.e3 Bg7 4.Nf3 d6 5.d4 Bg4 6.Be2 Nbd7 7.Nbd2 O-O 8.O-O 
c6 9.c4 d5 10.Ne5 Bxe2 11.Qxe2 e6 12.Rfd1 Qc7 13.Rac1 Rfe8 14.f4 Bf8 15.
Qf3 Nxe5 16.fxe5 Nh5 17.cxd5 exd5 18.Qxd5 Rad8 19.Qf3 Qa5 20.a3 Qd5 21.
Qxd5 Rxd5 22.g4 Ng7 23.Ne4 Be7 24.h3 Rf8 25.Rf1 Ne8 26.Rf3 f5 27.exf6 Bxf6
28.Rcf1 Bg7 29.Rxf8+ Bxf8 30.b4 Rd7 31.Kg2 Rf7 32.Rf2 Rxf2+ 33.Kxf2 Be7 
34.Ke2 Nc7 35.Nc3 Kf7 36.e4 Ne6 37.Bc1 Nf4+ 38.Kf3 Nxh3 39.Be3 Bg5 1/2-1/2

[Event "1st Int. Chess Open of Marrakech"]
[Site "Marrakech"]
[Date "2010.06.28"]
[Round "4"]
[White "Moubtahij, M."]
[Black "Boricsev, Oleg"]
[Result "0-1"]
[WhiteElo "1499"]
[BlackElo "2396"]
[EventDate "2010.06.28"]
[PlyCount "54"]
[SourceDate "2010.06.26"]

1.e4 d5 2.exd5 Qxd5 3.Nc3 Qd6 4.Nf3 Nf6 5.Bb5+ c6 6.Ba4 Bg4 7.d3 e6 8.Be3 
Nbd7 9.Qe2 Ne5 10.O-O-O Nxf3 11.gxf3 Bh5 12.Ne4 Qb4 13.Bb3 Be7 14.c3 Qb5 
15.Bc4 Qf5 16.Nd2 Nd5 17.Rhg1 O-O 18.d4 Nxc3 19.Qd3 Qxd3 20.Bxd3 Nxa2+ 21.
Kb1 Nb4 22.Ne4 Bxf3 23.Bh6 g6 24.Bxf8 Kxf8 25.Ng3 Nxd3 26.Rxd3 Rd8 27.Kc2 
Bf6 0-1

[Event "1st Int. Chess Open of Marrakech"]
[Site "Marrakech"]
[Date "2010.06.28"]
[Round "?"]
[White "Iturrizaga, Eduardo"]
[Black "Colin, Vincent"]
[Result "1-0"]
[WhiteElo "2599"]
[BlackElo "2428"]
[EventDate "2010.06.28"]
[PlyCount "74"]
[SourceDate "2010.06.26"]

1.d4 Nf6 2.c4 e6 3.Nf3 d5 4.g3 Bb4+ 5.Bd2 Be7 6.Bg2 O-O 7.O-O a6 8.Qc2 
dxc4 9.Qxc4 b5 10.Qc2 Bb7 11.Rc1 Bd6 12.Bf4 Nc6 13.e3 h6 14.a3 Ne7 15.Nbd2
Ra7 16.Be5 Nd7 17.e4 Qa8 18.Bxg7 Kxg7 19.e5 Nxe5 20.dxe5 Bxe5 21.Nxe5 Bxg2
22.f3 Qd5 23.Qc3 f6 24.Nd3 e5 25.Nb4 Qd7 26.Kxg2 c5 27.Nd3 c4 28.Nc5 Qc6 
29.Qe3 Rc7 30.Nce4 Nf5 31.Qf2 Nd4 32.g4 f5 33.gxf5 Rxf5 34.Ng3 Rg5 35.Rc3 
a5 36.Kh1 Ra7 37.Nde4 Rg6 {Suite illisible} 1-0

[Event "1st Int. Chess Open of Marrakech"]
[Site "Marrakech"]
[Date "2010.06.28"]
[Round "5"]
[White "Vernay, Clovis"]
[Black "Peralta, Fernando"]
[Result "1/2-1/2"]
[WhiteElo "2442"]
[BlackElo "2570"]
[EventDate "2010.06.28"]
[PlyCount "38"]
[SourceDate "2010.06.26"]

1.d4 Nf6 2.c4 e6 3.Nf3 d5 4.Nc3 Bb4 5.Bg5 Nbd7 6.Bxf6 Qxf6 7.Qb3 c5 8.cxd5
exd5 9.Qxd5 O-O 10.a3 Bxc3+ 11.bxc3 cxd4 12.Qxd4 Qe7 13.e3 Nc5 14.Bc4 b6 
15.Qe5 Be6 16.Nd4 Nd7 17.Qe4 Nc5 18.Qe5 Nd7 19.Qe4 Nc5 1/2-1/2

[Event "1st Int. Chess Open of Marrakech"]
[Site "Marrakech"]
[Date "2010.06.28"]
[Round "5"]
[White "Benitah, Yohan"]
[Black "Adil, Abdelaziz"]
[Result "1-0"]
[WhiteElo "2385"]
[BlackElo "2075"]
[EventDate "2010.06.28"]
[PlyCount "57"]
[SourceDate "2010.06.26"]

1.d4 d5 2.c4 c6 3.Nc3 Nf6 4.Nf3 e6 5.e3 Nbd7 6.Qc2 Bd6 7.g4 dxc4 8.Bxc4 e5
9.Bd2 O-O 10.O-O-O exd4 11.Nxd4 Ne5 12.Be2 Nfxg4 13.Be1 Qe7 14.a3 f5 15.h3
Nh6 16.Rg1 Kh8 17.Kb1 a6 18.Ka1 c5 19.Nd5 Qd8 20.Nf3 Be6 21.Bc3 Nhf7 22.h4
Bxd5 23.Rxd5 Qf6 24.Nxe5 Bxe5 25.Rxe5 Nxe5 26.f4 Qxh4 27.Bxe5 Rf7 28.Bc4 
Re7 29.Qg2 1-0

[Event "1st Int. Chess Open of Marrakech"]
[Site "Marrakech"]
[Date "2010.06.28"]
[Round "5"]
[White "Bissière, M."]
[Black "Tachafine, A."]
[Result "0-1"]
[WhiteElo "2341"]
[BlackElo "2012"]
[EventDate "2010.06.28"]
[PlyCount "87"]
[SourceDate "2010.06.26"]

1.e4 c5 2.Nf3 Nc6 3.b3 d6 4.Bb2 e5 5.Bc4 Be6 6.Qe2 Be7 7.O-O Qd7 8.c3 Nf6 
9.d4 Bxc4 10.Qxc4 O-O 11.Nbd2 Rac8 12.dxe5 dxe5 13.Rfd1 Rcd8 14.Qe2 Qg4 
15.h3 Qh5 16.Nf1 Qg6 17.Ng3 Nh5 18.Nxh5 Qxh5 19.Rd5 Rd6 20.Rxd6 Bxd6 21.
Rd1 Rd8 22.Qb5 Rd7 23.Ba3 a6 24.Qc4 Nb8 25.Rd5 b6 26.Qd3 Qh6 27.Nxe5 Bxe5 
28.Rxd7 Nxd7 29.Qxd7 Bd6 30.Qd8+ Bf8 31.c4 Qc6 32.Qd3 Qf6 33.Qe2 Qa1+ 34.
Kh2 Bd6+ 35.g3 Be5 36.Kg2 Bd4 37.h4 h6 38.h5 a5 39.e5 Bxe5 40.Bc1 Qd4 41.
Qf3 Qd6 42.Qa8+ Kh7 43.Qe4+ Kg8 44.Be3 0-1

[Event "1st Int. Chess Open of Marrakech"]
[Site "Marrakech"]
[Date "2010.06.28"]
[Round "5"]
[White "Doumi, M."]
[Black "Strugnell, Carl"]
[Result "0-1"]
[WhiteElo "1499"]
[BlackElo "2255"]
[EventDate "2010.06.28"]
[PlyCount "52"]
[SourceDate "2010.06.26"]

1.e4 c5 2.f4 g6 3.Nf3 Bg7 4.e5 f6 5.Bc4 Nh6 6.O-O Nc6 7.c3 d5 8.Bb3 c4 9.
Ba4 O-O 10.d4 cxd3 11.Qxd3 Ng4 12.h3 Qb6+ 13.Nd4 fxe5 14.hxg4 exd4 15.Kh1 
Bxg4 16.Bb3 Rad8 17.Nd2 dxc3 18.bxc3 Rf5 19.Nf3 Bxf3 20.Rxf3 Rh5+ 21.Rh3 
Nb4 22.Qf3 Rxh3+ 23.Qxh3 Qf6 24.Bb2 Qf5 25.Qg3 Nd3 26.Bc2 Qh5+ 0-1

[Event "1st Int. Chess Open of Marrakech"]
[Site "Marrakech"]
[Date "2010.06.28"]
[Round "5"]
[White "Lopez, Jordi"]
[Black "Arif, Mohammed"]
[Result "1-0"]
[WhiteElo "2271"]
[BlackElo "1750"]
[EventDate "2010.06.28"]
[PlyCount "32"]
[SourceDate "2010.06.26"]

1.d4 Nf6 2.Nf3 c5 3.e3 g6 4.Be2 Bg7 5.O-O cxd4 6.exd4 d5 7.Bf4 O-O 8.Nbd2 
Nc6 9.c3 Nh5 10.Be3 Re8 11.Ne5 Nxe5 12.dxe5 Bxe5 13.Bxh5 gxh5 14.Qxh5 Qd6 
15.Rad1 Qe6 16.Nf3 f6 1-0

[Event "1st Int. Chess Open of Marrakech"]
[Site "Marrakech"]
[Date "2010.06.28"]
[Round "5"]
[White "Msalla, N."]
[Black "Chorfi, Khaled"]
[Result "0-1"]
[WhiteElo "1399"]
[BlackElo "2174"]
[EventDate "2010.06.28"]
[PlyCount "54"]
[SourceDate "2010.06.26"]

1.d4 g6 2.c4 Bg7 3.Nc3 d6 4.e4 Nc6 5.Be3 e5 6.Nge2 Nf6 7.Qd2 Ng4 8.Bg5 f6 
9.Bh4 O-O 10.h3 Nh6 11.dxe5 dxe5 12.Qxd8 Nxd8 13.Nd5 Ne6 14.Nec3 Rf7 15.f3
c6 16.Ne3 Nd4 17.O-O-O Be6 18.Nc2 Rd7 19.b3 Nf7 20.Ne2 Rad8 21.Kb2 a5 22.
Kc3 Nb5+ 23.cxb5 Rxd1 24.bxc6 bxc6 25.g4 R8d3+ 26.Kb2 Rxf3 27.Nc1 Rfxf1 
0-1

[Event "1st Int. Chess Open of Marrakech"]
[Site "Marrakech"]
[Date "2010.06.28"]
[Round "5"]
[White "Flear, Christine"]
[Black "El Haskouri, A."]
[Result "1/2-1/2"]
[WhiteElo "2170"]
[BlackElo "1399"]
[EventDate "2010.06.28"]
[PlyCount "117"]
[SourceDate "2010.06.26"]

1.d4 e6 2.c4 b6 3.e4 Bb7 4.Bd3 f5 5.Qe2 Nf6 6.d5 fxe4 7.Bxe4 Nxe4 8.Qxe4 
Bb4+ 9.Kf1 O-O 10.Nf3 Qf6 11.a3 exd5 12.cxd5 Bc5 13.Ra2 Na6 14.b4 Rae8 15.
Qc4 Bd6 16.Nc3 Kh8 17.Be3 c6 18.h4 cxd5 19.Qd4 Be5 20.Nxe5 Rxe5 21.Rh3 Nc7
22.Rf3 Rf5 23.Qxf6 R8xf6 24.Rxf5 Rxf5 25.Rc2 Ne6 26.Ne2 Kg8 27.Nd4 Ba6+ 
28.Ke1 Re5 29.Nxe6 dxe6 30.Kd2 Bc4 31.g4 Kf7 32.f3 h5 33.gxh5 Rf5 34.a4 
Rxf3 35.a5 bxa5 36.bxa5 a6 37.Rb2 Bb5 38.Rc2 d4 39.Rc7+ Ke8 40.Bg5 d3 41.
Be3 Rh3 42.Bg5 Rh2+ 43.Kc1 Ra2 44.Rc8+ Kf7 45.Rc7+ Kf8 46.Rc8+ Kf7 47.Rc7+
Kg8 48.Rc8+ Kh7 49.Rc7 Rf2 50.h6 Rc2+ 51.Rxc2 dxc2 52.hxg7 Kxg7 53.Kxc2 
Kg6 54.Kd2 Kf5 55.Ke3 e5 56.Bd8 e4 57.Bg5 Bd3 58.Bd8 Kg4 59.Bf6 1/2-1/2

[Event "1st Int. Chess Open of Marrakech"]
[Site "Marrakech"]
[Date "2010.06.28"]
[Round "5"]
[White "Alami, Halim"]
[Black "Bennani, M."]
[Result "1-0"]
[WhiteElo "2155"]
[BlackElo "1199"]
[EventDate "2010.06.28"]
[PlyCount "41"]
[SourceDate "2010.06.26"]

1.e4 e5 2.Nf3 Nc6 3.Bc4 Bc5 4.c3 Nf6 5.Qe2 O-O 6.O-O h6 7.b4 Bb6 8.b5 Na5 
9.Nxe5 d6 10.Nf3 Re8 11.Bd3 Nd5 12.Bc2 Nf4 13.Qd1 Bg4 14.d4 Qf6 15.Bxf4 
Qxf4 16.Nbd2 Re6 17.Re1 Rg6 18.e5 Rg5 19.g3 Bh5 20.Kh1 Qf5 21.Bxf5 1-0

[Event "1st Int. Chess Open of Marrakech"]
[Site "Marrakech"]
[Date "2010.06.29"]
[Round "5"]
[White "Boricsev, Oleg"]
[Black "Shchekachev, Andrei"]
[Result "0-1"]
[WhiteElo "2239"]
[BlackElo "2254"]
[EventDate "2010.06.28"]
[PlyCount "32"]
[SourceDate "2010.06.26"]

1.e4 c5 2.c3 d5 3.exd5 Qxd5 4.d4 g6 5.Be3 cxd4 6.Qxd4 Nf6 7.Na3 Bg7 8.Nb5 
Na6 9.O-O-O Qxd4 10.Bxd4 O-O 11.Bxa7 Nc7 12.Bd4 Nxb5 13.Bxb5 Rxa2 14.Ne2 
Ng4 15.Bb6 Bf5 16.h3 Nxf2 0-1

[Event "1st Int. Chess Open of Marrakech"]
[Site "Marrakech"]
[Date "2010.06.29"]
[Round "5"]
[White "Brih, Said"]
[Black "Mikhalevski, Victor"]
[Result "0-1"]
[WhiteElo "2235"]
[BlackElo "2614"]
[EventDate "2010.06.28"]
[PlyCount "41"]
[SourceDate "2010.06.26"]

1.Nf3 Nf6 2.b4 g6 3.Bb2 Bg7 4.e3 O-O 5.Be2 d6 6.c4 e5 7.d3 Ne8 8.Nc3 f5 9.
h4 h6 10.Qc2 Nf6 11.O-O-O Be6 12.h5 g5 13.d4 e4 14.Nxg5 hxg5 15.h6 Bh8 16.
d5 Bc8 17.h7+ Nxh7 18.f3 a5 19.b5 exf3 20.gxf3 Qe7 21.Rd3 0-1

[Event "1st Int. Chess Open of Marrakech"]
[Site "Marrakech"]
[Date "2010.06.29"]
[Round "5"]
[White "Luther, Thomas"]
[Black "Zouizine, Rachid"]
[Result "1-0"]
[WhiteElo "2251"]
[BlackElo "2092"]
[EventDate "2010.06.28"]
[PlyCount "78"]
[SourceDate "2010.06.26"]

1.e4 c5 2.Nf3 Nc6 3.d4 cxd4 4.Nxd4 d5 5.exd5 Qxd5 6.Be3 e6 7.Nc3 Bb4 8.Nb5
Qe5 9.a3 Be7 10.Qd2 a6 11.f4 Qb8 12.Nd4 Bd7 13.O-O-O Nf6 14.Be2 O-O 15.g4 
Nxd4 16.Bxd4 Bc6 17.Rhf1 Rd8 18.Qe3 Nd5 19.Nxd5 Bxd5 20.Bb6 Rc8 21.Kb1 Bf8
22.Bf3 Qd6 23.Bxd5 exd5 24.Bd4 Re8 25.Qd3 Qc6 26.g5 Rac8 27.Be5 b5 28.Qb3 
Rcd8 29.Rf3 Qc4 30.Rfd3 Be7 31.Rxd5 Qxb3 32.cxb3 Rc8 33.Rc1 f6 34.gxf6 
gxf6 35.Bc3 Kf7 36.b4 Rc4 37.f5 Rd8 38.Rxd8 Bxd8 39.Rd1 Be7 {S Suite 
illisible} 1-0

[Event "1st Int. Chess Open of Marrakech"]
[Site "Marrakech"]
[Date "2010.06.28"]
[Round "5"]
[White "Berelowitsch, Alexander"]
[Black "Del Rio de Angelis, Salvador G"]
[Result "1/2-1/2"]
[WhiteElo "2614"]
[BlackElo "2521"]
[EventDate "2010.06.28"]
[PlyCount "51"]
[SourceDate "2010.06.26"]

1.e4 e6 2.d4 d5 3.Nd2 dxe4 4.Nxe4 Nd7 5.Nf3 Ngf6 6.Bd3 c5 7.O-O cxd4 8.
Nxd4 Be7 9.Re1 O-O 10.c3 Nxe4 11.Bxe4 Nf6 12.Bf3 Qc7 13.Qe2 Bd7 14.g3 Rfd8
15.Bf4 Qc8 16.Bg2 Ba4 17.Rac1 Nd5 18.Bd2 Bf6 19.Nf3 Bc6 20.Ng5 h6 21.Nf3 
Ne7 22.Red1 Qc7 23.Bf4 Qa5 24.a3 Rac8 25.Rxd8+ Rxd8 26.Be5 1/2-1/2

[Event "1st Int. Chess Open of Marrakech"]
[Site "Marrakech"]
[Date "2010.06.28"]
[Round "5"]
[White "Meier, Georg"]
[Black "Romanov, Evgeny"]
[Result "1/2-1/2"]
[WhiteElo "2638"]
[BlackElo "2594"]
[EventDate "2010.06.28"]
[PlyCount "78"]
[SourceDate "2010.06.26"]

1.Nf3 c5 2.c4 Nf6 3.Nc3 Nc6 4.g3 d5 5.cxd5 Nxd5 6.Bg2 e6 7.d4 Be7 8.dxc5 
Bxc5 9.Bd2 O-O 10.O-O Nf6 11.Rc1 Be7 12.Qb3 e5 13.Rfd1 Qc7 14.e4 Qb8 15.
Nd5 Bd8 16.Qc4 Bg4 17.Be3 Nd7 18.b4 Bb6 19.Nxb6 axb6 20.b5 Nd4 21.Bxd4 
exd4 22.Qxd4 Nc5 23.h3 Be6 24.Qe3 Bxa2 25.Nd4 Re8 26.Nf5 Qe5 27.Nd6 Red8 
28.f4 Qb2 29.Qc3 Qxc3 30.Rxc3 Bb3 31.Rd2 f6 32.e5 Be6 33.exf6 gxf6 34.Re3 
Rd7 35.f5 Bxf5 36.Bd5+ Kf8 37.Nxf5 Rad8 38.Nd4 Rxd5 39.Ne6+ Nxe6 1/2-1/2

[Event "1st Int. Chess Open of Marrakech"]
[Site "Marrakech"]
[Date "2010.06.28"]
[Round "5"]
[White "Iotov, Valentin"]
[Black "David, Alberto"]
[Result "0-1"]
[WhiteElo "2569"]
[BlackElo "2631"]
[EventDate "2010.06.28"]
[PlyCount "82"]
[SourceDate "2010.06.26"]

1.d4 Nf6 2.c4 e6 3.Nf3 d5 4.Nc3 Bb4 5.Bg5 Nbd7 6.cxd5 exd5 7.Qb3 c5 8.a3 
Bxc3+ 9.Qxc3 h6 10.Bxf6 Qxf6 11.e3 O-O 12.Be2 b6 13.O-O Bb7 14.Rfc1 c4 15.
b3 b5 16.Rab1 Bc6 17.bxc4 bxc4 18.Bd1 Rfb8 19.Bc2 Rb6 20.Nd2 Nc5 21.Rb4 
Rab8 22.Rcb1 Ba4 23.Rxb6 axb6 24.Bxa4 Nxa4 25.Qc2 b5 26.Rb4 g6 27.h3 Kg7 
28.Nf3 Qf5 29.Qxf5 gxf5 30.Ne1 Nc3 31.g3 h5 32.h4 Kf6 33.Kf1 Ra8 34.Nc2 
Ke6 35.Ke1 Kd6 36.Rb2 Ra5 37.f3 Na4 38.Rb1 Nc3 39.Ra1 Ra8 40.Kd2 Na4 41.
Rg1 Rg8 0-1

[Event "1st Int. Chess Open of Marrakech"]
[Site "Marrakech"]
[Date "2010.06.28"]
[Round "5"]
[White "Libiszewski, Fabien"]
[Black "Fedorchuk, Sergey A"]
[Result "1/2-1/2"]
[WhiteElo "2478"]
[BlackElo "2646"]
[EventDate "2010.06.28"]
[PlyCount "96"]
[SourceDate "2010.06.26"]

1.e4 c5 2.Nf3 e6 3.d4 cxd4 4.Nxd4 a6 5.Be2 d6 6.O-O Nf6 7.Nc3 Nbd7 8.f4 b5
9.Bf3 Bb7 10.e5 Bxf3 11.Nxf3 Ng4 12.Qe1 b4 13.Ne4 d5 14.Ng3 Bc5+ 15.Kh1 
Qb6 16.h3 h5 17.Ne2 Nf2+ 18.Kh2 Ne4 19.Qd1 Bf2 20.Bd2 Nxd2 21.Qxd2 Nc5 22.
Ng5 Ne4 23.Qd3 Nxg5 24.fxg5 Qe3 25.g6 O-O 26.gxf7+ Rxf7 27.Qxe3 Bxe3 28.
Rxf7 Kxf7 29.Rf1+ Kg6 30.Rf3 d4 31.c3 Rd8 32.cxd4 Bxd4 33.Rg3+ Kh6 34.Nxd4
Rxd4 35.a3 a5 36.axb4 axb4 37.Rf3 Re4 38.Kg3 Kg6 39.Rf4 Re3+ 40.Kh2 b3 41.
Rb4 Kf5 42.Kg1 g5 43.Kf2 Rd3 44.Ke2 Rg3 45.Kf2 h4 46.Rb5 Ke4 47.Kg1 Kd4 
48.Kf2 Kc4 1/2-1/2

[Event "1st Int. Chess Open of Marrakech"]
[Site "Marrakech"]
[Date "2010.06.28"]
[Round "5"]
[White "Pogorelov, Ruslan"]
[Black "Guseinov, Gadir"]
[Result "0-1"]
[WhiteElo "2454"]
[BlackElo "2602"]
[EventDate "2010.06.28"]
[PlyCount "58"]
[SourceDate "2010.06.26"]

1.Nf3 g6 2.c4 Bg7 3.d4 d6 4.e4 Bg4 5.Be2 Nc6 6.Be3 Bxf3 7.Bxf3 e5 8.d5 Nd4
9.Bxd4 exd4 10.Nd2 Ne7 11.Be2 O-O 12.O-O c5 13.Bd3 g5 14.g3 Ng6 15.Kg2 Qf6
16.h3 Rfe8 17.Nf3 h5 18.e5 dxe5 19.Nd2 Qb6 20.Qxh5 f5 21.Nf3 Bh6 22.Nxg5 
e4 23.Ne6 Rxe6 24.dxe6 Kg7 25.e7 Nxe7 26.Bxe4 fxe4 27.Qe5+ Kf8 28.Qxe4 Qg6
29.Kf3 Qf6+ 0-1

[Event "1st Int. Chess Open of Marrakech"]
[Site "Marrakech"]
[Date "2010.06.28"]
[Round "5"]
[White "Shirazi, Kamran"]
[Black "Strikovic, Aleksa"]
[Result "0-1"]
[WhiteElo "2425"]
[BlackElo "2557"]
[EventDate "2010.06.28"]
[PlyCount "73"]
[SourceDate "2010.06.26"]

1.e4 d6 2.d4 Nf6 3.f3 c5 4.dxc5 Qa5+ 5.Nc3 Qxc5 6.g4 h6 7.h4 Nbd7 8.Nh3 a6
9.Nf4 g6 10.Ncd5 b5 11.a4 b4 12.c3 bxc3 13.b4 Qa7 14.Be3 Qb8 15.b5 e6 16.
Nxc3 Bg7 17.bxa6 Nxg4 18.Bd4 Bxd4 19.Qxd4 Nge5 20.Kf2 O-O 21.Rb1 Qa7 22.
Qxa7 Rxa7 23.Kg3 Bxa6 24.Nb5 Bxb5 25.Bxb5 Nc5 26.Rb4 Rfa8 27.Ra1 Kf8 28.
Ra3 Rb8 29.Ne2 Nc6 30.Rb1 Ke7 31.Nc3 Nd4 32.Ra2 Nxb5 33.axb5 Rxa2 34.Nxa2 
Kd7 35.Nc3 Ra8 36.b6 Rb8 37.Ne2 0-1

[Event "1st Int. Chess Open of Marrakech"]
[Site "Marrakech"]
[Date "2010.06.28"]
[Round "5"]
[White "Sellak, Hadou"]
[Black "Doncea, Vladimir"]
[Result "0-1"]
[WhiteElo "2010"]
[BlackElo "2465"]
[EventDate "2010.06.28"]
[PlyCount "66"]
[SourceDate "2010.06.26"]

1.e4 c5 2.Nc3 Nc6 3.g3 g6 4.Bg2 Bg7 5.d3 d6 6.Be3 Nf6 7.h3 O-O 8.Qd2 Nd4 
9.Nd1 e5 10.c3 Nc6 11.c4 Rb8 12.Nc3 a6 13.Bg5 Be6 14.Nge2 b5 15.b3 Nd4 16.
Nxd4 cxd4 17.Ne2 Qb6 18.O-O Nd7 19.Rfd1 a5 20.Kh2 Nc5 21.g4 f6 22.Bh4 g5 
23.Bg3 bxc4 24.bxc4 Qb2 25.f3 Rb4 26.Be1 Nxd3 27.Qxb2 Rxb2 28.Rxd3 Rxe2 
29.Bxa5 Ra8 30.Rd2 Rxg2+ 31.Kxg2 Rxa5 32.Rc1 Bf8 33.Rb2 Ra4 0-1